Quiz mythologique : Hermès. - Statistiques

Statistiques générales
  • Ce quiz a été pris 212 fois
    192 depuis la dernière actualisation
  • Le résultat moyen est 7 sur 12
Statistiques - réponses
Questions Réponses % Correct
Père Zeus
99%
Quel rôle a-t-il parmi les dieux? Hérault des dieux
90%
Nom romain Mercure
78%
Quel héros aida-t-il dans sa quête contre la Gorgogne en lui donnant ses armes? Persée
74%
De quoi Hermès est-il le dieu? Commerce | Voyage | Voleurs
73%
Quel instrument fabrique-t-il avec la carapace d'une tortue et donne-t-il à Apollon? Lyre
72%
Quelques jours après sa naissance, il vole un troupeau appartenant à ce dieu. Apollon
70%
Il est le père de ce dieu de la nature mi-homme, mi-bouc. Pan
69%
Quels sont ses principaux attributs? Pétase | Caducée | Sandales ailées
49%
Aux côtés de quel dieu apparaît-il fréquemment? Héphaïstos
35%
Mère Maïa
32%
Quel est l'animal favori du dieu? Bélier
9%
Aucun quiz correspondant
Distribution des résultats
% des personnes avec chaque résultat
Percentile par nombre de réponses
Votre historique - résultats
Vous n’avez pas pris ce quiz depuis la dernière actualisation